[Event "Druzynowe Mistrzostwa Polski Juniorow - II liga"]
[Site "Sypniewo k. Jastowia"]
[Date "2024-06-17"]
[Round "3.55"]
[White "Siwek, Leon"]
[Black "Gorny, Tomasz"]
[Result "0-1"]
[WhiteTitle "II"]
[BlackTitle "I"]
[WhiteElo "1602"]
[BlackElo "1876"]

1. e4 e5 2. Nf3 Nc6 3. Bc4 Bc5 4. d3 Nf6 5. Nc3 d6 6. Bg5 h6 7. Be3 Bb6 8. h3 Na5
9. Bb3 Nxb3 10. axb3 c6 11. Qd2 Be6 12. Bxb6 Qxb6 13. Qe3 Qxe3+ 14. fxe3 Ke7 15.
Kd2 a5 16. Ne2 Rhd8 17. Rhf1 Nd7 18. Ng3 g6 19. Rfd1 b5 20. Ke2 Rdb8 21. Nd2 Nb6
22. Kf2 Rb7 23. Ne2 Rba7 24. Ke1 f5 25. exf5 gxf5 26. e4 fxe4 27. Nxe4 Rg8 28.
Kf2 Nd5 29. Rf1 Raa8 30. N4g3 Rgf8+ 31. Kg1 Ne3 32. Rxf8 Kxf8 33. Rc1 Ke7 34.
Kf2 Nd5 35. Ke1 Rf8 36. Ne4 Ne3 37. Kd2 Nxg2 38. Rh1 d5 39. N4g3 Rf3 40. Rh2 Nf4
41. Nxf4 exf4 42. Ne2 Rxh3 43. Rxh3 Bxh3 44. Nxf4 Bg4 45. Ke3 Kf6 46. d4 Bf5 47.
c3 Kg5 48. Kf3 h5 49. b4 axb4 50. cxb4 Be4+ 51. Ke3 Kg4 0-1

[Event "Druzynowe Mistrzostwa Polski Juniorow - II liga"]
[Site "Sypniewo k. Jastowia"]
[Date "2024-06-17"]
[Round "3.56"]
[White "Gulinski, Maciej"]
[Black "Broszkiewicz, Stanislaw"]
[Result "1-0"]
[WhiteTitle "II"]
[BlackTitle "II+"]
[WhiteElo "1617"]
[BlackElo "1700"]

1. e4 c6 2. d4 d5 3. Nc3 dxe4 4. Nxe4 Bf5 5. Ng3 Bg6 6. Nh3 Nd7 7. Nf4 e5 8. dxe5
Qa5+ 9. c3 Nxe5 10. Nxg6 Nxg6 11. Bd3 O-O-O 12. O-O Bd6 13. Qf3 Ne5 14. Qf5+ Kb8
15. Bc2 f6 16. Be3 Ne7 17. Qe4 g6 18. Qa4 Qxa4 19. Bxa4 Nc4 20. Bc1 f5 21. Bc2
Nd5 22. Ne2 Rhe8 23. Nd4 Bc5 24. Nb3 Bb6 25. Rb1 Kc8 26. Bd3 Ne5 27. Be2 Ng4 28.
Bxg4 fxg4 29. Bg5 Rd6 30. c4 Nb4 31. c5 Rd5 32. cxb6 Rxg5 33. bxa7 Kc7 34. Rbe1
Ra8 35. a3 Nd5 36. Nd4 Kb6 37. Re4 h5 38. f4 gxf3 39. Rxf3 Rxa7 40. Ne6 Rg4 41.
Rb3+ Ka5 42. Rxg4 hxg4 43. Nd8 Ka6 44. Kf2 g5 45. Ne6 Ra8 46. Nc5+ Ka5 47. Nxb7+
Ka6 48. Nc5+ Ka5 49. Kg3 Rh8 50. Rb7 Nb6 51. Ne6 Kb5 52. a4+ Ka5 53. b4+ Kxb4
54. Rxb6+ Kxa4 55. Rxc6 Kb5 56. Rc5+ Kb6 57. Rxg5 Kc6 58. Rxg4 Kd6 59. Nf4 Ra8
60. Rg5 Ke7 61. h4 Kf6 62. Kg4 Rh8 63. Rg6+ Kf7 64. Kg5 Ra8 65. Rf6+ Kg7 66. Ne6+
Kh7 67. Rf7+ Kg8 68. Rf8+ Rxf8 69. Nxf8 Kxf8 70. Kg6 Kg8 71. h5 Kh8 72. g4 Kg8
73. h6 Kh8 74. g5 Kg8 75. Kf6 Kh8 76. g6 Kg8 77. g7 Kh7 78. Kf7 1-0

[Event "Druzynowe Mistrzostwa Polski Juniorow - II liga"]
[Site "Sypniewo k. Jastowia"]
[Date "2024-06-17"]
[Round "3.57"]
[White "Wojciechowski, Szymon"]
[Black "Smolinski, Wojciech"]
[Result "1/2-1/2"]
[WhiteTitle "I"]
[BlackTitle "I"]
[WhiteElo "1837"]
[BlackElo "1841"]

1. e4 c5 2. Nf3 d6 3. d4 Nf6 4. dxc5 Nxe4 5. cxd6 Nc6 6. dxe7 Qxd1+ 7. Kxd1 Bxe7
8. Be3 O-O 9. Bd3 Rd8 10. Ke2 Nc5 11. Nbd2 Nxd3 12. cxd3 Bf5 13. d4 Bf6 14. Nb3
Be6 15. Rac1 Bxb3 16. axb3 Nxd4+ 17. Nxd4 Bxd4 18. Bxd4 Rxd4 19. Rhd1 Re8+ 20.
Kf1 Rb4 21. Re1 Rxe1+ 22. Rxe1 f6 23. Re3 Kf7 24. Ke2 a5 25. Kf1 a4 26. bxa4 Rxb2
27. a5 Ra2 28. Rb3 Rxa5 29. Rxb7+ Kg6 30. g3 Ra2 1/2-1/2

[Event "Druzynowe Mistrzostwa Polski Juniorow - II liga"]
[Site "Sypniewo k. Jastowia"]
[Date "2024-06-17"]
[Round "3.58"]
[White "Biela, Jan"]
[Black "Sniedziewski, Emil"]
[Result "0-1"]
[WhiteTitle "II"]
[BlackTitle "II+"]
[WhiteElo "1569"]
[BlackElo "1838"]

1. d4 d5 2. c4 e6 3. Nf3 Nf6 4. g3 dxc4 5. Bg2 c5 6. O-O Nc6 7. e3 cxd4 8. exd4
Be7 9. b3 cxb3 10. axb3 O-O 11. Bb2 Nd5 12. Nc3 Ncb4 13. Nxd5 Nxd5 14. Ba3 Bxa3
15. Rxa3 Bd7 16. Qd2 a6 17. Ne5 Bb5 18. Rc1 Qe7 19. b4 Rac8 20. Bxd5 exd5 21.
Re1 Qc7 22. Nd3 Bxd3 23. Rxd3 Qd6 24. Rde3 h6 25. Re7 b5 26. R1e5 Rc4 27. Qe3
Rxb4 28. Qf4 Rb1+ 29. Kg2 Qg6 30. Re8 Rxe8 31. Rxe8+ Kh7 32. Qb8 Qd3 33. Rh8+
Kg6 34. Qd6+ f6 35. Qxd5 Qf1+ 0-1

[Event "Druzynowe Mistrzostwa Polski Juniorow - II liga"]
[Site "Sypniewo k. Jastowia"]
[Date "2024-06-17"]
[Round "3.61"]
[White "Skrzypinski, Jan"]
[Black "Jankowski, Franciszek"]
[Result "1-0"]
[WhiteTitle "I++"]
[BlackTitle "I"]
[WhiteElo "1942"]
[BlackElo "1710"]

1. e4 c5 2. Nf3 e6 3. b3 d6 4. Bb2 Nf6 5. e5 dxe5 6. Nxe5 Nbd7 7. Na3 Qc7 8. f4
Be7 9. Qf3 a6 10. Bd3 Rb8 11. O-O b5 12. c4 b4 13. Nc2 Bb7 14. Qh3 Rd8 15. Rae1
O-O 16. Nxd7 Rxd7 17. Bxf6 Rxd3 18. Qxd3 Bxf6 19. f5 Rd8 20. Qe2 Rd6 21. fxe6
Rxe6 22. Qg4 Be5 23. Qh5 Rg6 24. Rf2 f6 25. Ne3 Bd4 26. Nd5 Qd7 27. Ne7+ Kf7 28.
Nxg6 Bxf2+ 29. Kxf2 Qxd2+ 30. Qe2 Qxe2+ 31. Rxe2 hxg6 32. g4 g5 33. Kg3 Bc8 34.
Rd2 g6 35. Rd5 f5 36. h3 Kf6 37. Rxc5 f4+ 38. Kf2 Bb7 39. Rc7 Be4 40. Ra7 Ke5
41. Rxa6 Kd4 42. Rb6 Kc3 43. c5 1-0

[Event "Druzynowe Mistrzostwa Polski Juniorow - II liga"]
[Site "Sypniewo k. Jastowia"]
[Date "2024-06-17"]
[Round "3.62"]
[White "Leszczewicz, Karol"]
[Black "Stachowiak, Bruno"]
[Result "0-1"]
[WhiteTitle "I+"]
[BlackTitle "II+"]
[WhiteElo "1668"]
[BlackElo "1815"]

1. d4 Nf6 2. c4 e6 3. Nf3 b6 4. g3 Bb7 5. Bg2 Bb4+ 6. Bd2 a5 7. O-O O-O 8. Bf4
Be7 9. Nc3 d6 10. Qc2 Nh5 11. Ng5 Bxg5 12. Bxb7 Ra7 13. Bxg5 Qxg5 14. Be4 f5 15.
Nb5 fxe4 16. Nxa7 Qg4 17. f3 exf3 18. Rxf3 Rxf3 19. exf3 Qxd4+ 20. Kh1 Nf6 21.
Nb5 Qc5 22. Qe2 Kf7 23. Nc3 Nc6 24. Ne4 Qf5 25. Nxf6 gxf6 26. Qe4 Qxe4 27. fxe4
Nd4 28. Kg2 Nc2 29. Rc1 Nb4 30. a3 Nd3 31. Rb1 Ne5 32. b3 a4 33. bxa4 Nxc4 34.
Rc1 d5 35. exd5 exd5 36. Kf3 c5 37. Rc3 Ne5+ 38. Ke2 Nc4 39. Kf3 Ke6 40. Kf4 Kd6
41. Kf5 Nb2 42. Kxf6 Nxa4 43. Rc1 d4 44. g4 Kd5 45. g5 Nc3 46. h4 Ne2 47. h5 Ng3
48. h6 Ne4+ 49. Kf5 Nxg5 50. Kxg5 d3 51. Kf6 c4 52. Kg7 d2 53. Rd1 c3 54. Kxh7
Ke6 55. Kg6 c2 56. Rxd2 c1=Q 57. Re2+ Kd7 58. h7 Qc3 59. Rg2 Qc6+ 60. Kf7 Qd5+
61. Kf6 Qxg2 0-1

[Event "Druzynowe Mistrzostwa Polski Juniorow - II liga"]
[Site "Sypniewo k. Jastowia"]
[Date "2024-06-17"]
[Round "3.63"]
[White "Soroczynski, Mateusz"]
[Black "Ladon, Tymoteusz"]
[Result "0-1"]
[WhiteTitle "II"]
[BlackTitle "II+"]
[WhiteElo "1557"]
[BlackElo "1596"]

1. e4 c5 2. Nf3 Nc6 3. d4 cxd4 4. Nxd4 g6 5. Nc3 Bg7 6. Be3 Nf6 7. Bc4 O-O 8. Bb3
d6 9. f3 Bd7 10. Qd2 Nxd4 11. Bxd4 b5 12. O-O-O a5 13. a4 bxa4 14. Bxa4 Bxa4 15.
Nxa4 Rb8 16. h4 Rb4 17. Nc3 Nxe4 18. Nxe4 Rxd4 19. Qe3 Qb6 20. Qa3 Rb8 21. Rxd4
Qxd4 22. c3 Qd3 23. Rd1 Bh6+ 24. Nd2 Rb5 25. Qa4 Rd5 26. Qc2 Qe2 27. g4 Rxd2 28.
Rxd2 Qe1+ 29. Qd1 Bxd2+ 30. Kc2 Qxd1+ 31. Kxd1 Be3 32. b4 axb4 33. cxb4 f5 34.
gxf5 gxf5 35. b5 Kf7 36. Ke2 Bb6 0-1

[Event "Druzynowe Mistrzostwa Polski Juniorow - II liga"]
[Site "Sypniewo k. Jastowia"]
[Date "2024-06-17"]
[Round "3.64"]
[White "Klask, Franciszek"]
[Black "Jasinski, Bartlomiej"]
[Result "1-0"]
[WhiteTitle "II"]
[BlackTitle "II"]
[WhiteElo "1571"]
[BlackElo "1489"]

1. d4 Nf6 2. c4 e6 3. Nf3 b6 4. Bg5 Be7 5. e3 O-O 6. Be2 Bb7 7. Nc3 Ne4 8. Nxe4
Bxe4 9. Bxe7 Qxe7 10. O-O Nc6 11. a3 d5 12. Nd2 Bf5 13. cxd5 exd5 14. Rc1 Na5
15. b4 Nb7 16. Bf3 Be4 17. Nxe4 dxe4 18. Be2 Nd6 19. Qc2 Ne8 20. Bb5 Nd6 21. Be2
Ne8 22. Qb1 Nd6 23. Rc6 a6 24. Rfc1 Ra7 25. Qc2 Rc8 26. a4 h6 27. a5 b5 28. Qc5
Raa8 29. Rxc7 Rxc7 30. Qxc7 Qe6 31. Qb6 Qd5 32. h3 g6 33. Bf1 Kg7 34. Rc5 Qe6
35. Rc6 Qb3 36. Rxd6 Qxb4 37. Rd8 Rxd8 38. Qxd8 Qc3 39. Qb6 b4 40. Qxa6 b3 41.
Qb5 b2 42. a6 Qc1 43. a7 b1=Q 44. Qxb1 Qxb1 45. a8=Q Qc2 46. d5 Qc5 47. Qc6 Qe7
48. d6 Qd8 49. d7 Kf8 50. Qc5+ Kg7 51. Qc8 Qxc8 52. dxc8=Q 1-0

[Event "Druzynowe Mistrzostwa Polski Juniorow - II liga"]
[Site "Sypniewo k. Jastowia"]
[Date "2024-06-17"]
[Round "3.66"]
[White "Ksionek, Joanna"]
[Black "Kubacka, Patrycja"]
[Result "1-0"]
[WhiteTitle "II"]
[BlackTitle "II"]
[WhiteElo "1456"]
[BlackElo "1430"]

1. e4 e5 2. Bc4 Nf6 3. d3 Nc6 4. Nf3 Bc5 5. Nc3 a6 6. a3 h6 7. Be3 Bxe3 8. fxe3
b5 9. Ba2 Bb7 10. Qd2 d6 11. Nd5 Ne7 12. Nxf6+ gxf6 13. Nh4 d5 14. exd5 Nxd5 15.
Nf5 Qd7 16. e4 Nf4 17. g3 Nh3 18. O-O-O O-O-O 19. Nxh6 Rdf8 20. Nf5 Ng5 21. h4
Nf3 22. Qf2 Nd4 23. Nxd4 Qxd4 24. Qxd4 exd4 25. Rhf1 Rh6 26. Rf3 Bc6 27. Rdf1
Kb7 28. Rxf6 Rxf6 29. Rxf6 Be8 30. Kd2 Rg8 31. Rf3 Kb6 32. b4 c6 33. Ke2 Rg6 34.
e5 c5 35. Rf6+ Rxf6 36. exf6 cxb4 37. axb4 a5 38. bxa5+ Kxa5 39. h5 Kb4 40. Kd2
Ka3 41. Bb3 b4 42. h6 Bd7 43. h7 Bf5 44. h8=Q Be6 45. Qa8+ Kb2 46. Qa2# 1-0

[Event "Druzynowe Mistrzostwa Polski Juniorow - II liga"]
[Site "Sypniewo k. Jastowia"]
[Date "2024-06-17"]
[Round "3.67"]
[White "Mazurek, Filip"]
[Black "Stupak, Bartosz"]
[Result "1-0"]
[WhiteTitle "I"]
[BlackTitle "III"]
[WhiteElo "1879"]
[BlackElo "1431"]

1. e4 c5 2. Nc3 d6 3. d4 cxd4 4. Qxd4 Nc6 5. Qd2 Nf6 6. b3 e6 7. Bb2 Be7 8. O-O-O
O-O 9. f4 a6 10. g4 Nxg4 11. Nf3 e5 12. Rg1 exf4 13. Qxf4 Nce5 14. Nd5 Ng6 15.
Rxg4 Bxg4 16. Qxg4 b5 17. Bd3 Rc8 18. h4 f6 19. Nd4 Rf7 20. Rg1 Bf8 21. Nf5 Kh8
22. Qh5 Kg8 23. Rxg6 1-0

[Event "Druzynowe Mistrzostwa Polski Juniorow - II liga"]
[Site "Sypniewo k. Jastowia"]
[Date "2024-06-17"]
[Round "3.68"]
[White "Businski, Jan"]
[Black "Kryston, Aleksander"]
[Result "0-1"]
[WhiteTitle "II"]
[BlackTitle "II+"]
[WhiteElo "1633"]
[BlackElo "1772"]

1. d4 Nf6 2. c4 g6 3. Nc3 Bg7 4. g3 O-O 5. Bg2 d6 6. Nf3 Nbd7 7. O-O e5 8. e4 exd4
9. Nxd4 Re8 10. h3 Nc5 11. Re1 a5 12. Ndb5 Bd7 13. f3 Qc8 14. Kh2 a4 15. Be3 Bxb5
16. Nxb5 Nfd7 17. Bd4 Ne5 18. Bxc5 dxc5 19. Qc2 Nc6 20. a3 Nd4 21. Nxd4 Bxd4 22.
f4 Re6 23. h4 Rb6 24. Rab1 Rb3 25. Bh3 Qe8 26. Red1 Ra6 27. Rd3 Qxe4 28. Rc3 Qxc2+
29. Rxc2 f5 30. Bg2 Rab6 31. Bd5+ Kg7 32. Re1 Bf6 33. Re8 Rxb2 34. Rg8+ Kh6 35.
Rxb2 Rxb2+ 36. Kh3 c6 37. Bg2 Rb3 38. Ra8 Rxa3 39. Ra7 b5 40. Bxc6 bxc4 41. Rxa4
Rxa4 42. Bxa4 Kg7 43. Kg2 c3 44. Bb3 Bd4 45. Kf3 c4 46. Bc2 h5 47. Ke2 Kf6 48.
Ba4 Ke7 49. Bb5 Bf2 50. Bxc4 Bxg3 51. Kd3 Bxf4 52. Kxc3 Bg3 53. Kd3 Bxh4 54. Ke3
Kf6 55. Bd5 g5 56. Bc6 g4 57. Be8 Kg5 58. Bc6 Be1 59. Ke2 Bb4 60. Kf2 f4 61. Kg2
h4 62. Bb7 h3+ 63. Kh2 Kh4 64. Kg1 Bc5+ 65. Kf1 Kg3 66. Bd5 f3 0-1

[Event "Druzynowe Mistrzostwa Polski Juniorow - II liga"]
[Site "Sypniewo k. Jastowia"]
[Date "2024-06-17"]
[Round "3.69"]
[White "Etut, Filbert"]
[Black "Pieszko, Antoni"]
[Result "1-0"]
[WhiteTitle "I"]
[BlackTitle "II+"]
[WhiteElo "1815"]
[BlackElo "1596"]

1. e4 c5 2. c3 Nf6 3. e5 Nd5 4. Nf3 e6 5. d4 cxd4 6. cxd4 d6 7. a3 Be7 8. Bd3 Nc6
9. O-O O-O 10. Qe2 Qb6 11. Rd1 Qc7 12. Bd2 f5 13. exf6 Bxf6 14. Qe4 g6 15. Nc3
Nxc3 16. Bxc3 Qf7 17. Rf1 Bd7 18. Bb5 Rae8 19. Rad1 Bg7 20. Qe3 Qf5 21. Bd3 Qf4
22. Qxf4 Rxf4 23. Bb5 a6 24. Bc4 Kh8 25. Rfe1 d5 26. Bb3 b6 27. Bd2 Rff8 28. Bc3
a5 29. Ba4 Nb8 30. Bxd7 Nxd7 31. Rd2 h6 32. Rde2 Rf6 33. Ne5 Nxe5 34. Rxe5 Bf8
35. Rxd5 Rc8 36. Rb5 Rc6 37. d5 Rxc3 38. bxc3 Bc5 39. Rxc5 bxc5 40. dxe6 Rf8 41.
e7 Re8 42. Re3 Kg7 43. Kf1 Kf6 44. Ke2 Rxe7 45. Rxe7 Kxe7 46. Ke3 Kd6 47. Ke4
g5 48. c4 Ke6 49. a4 h5 50. h3 h4 51. f4 gxf4 52. Kxf4 Kd6 53. Kf5 1-0

[Event "Druzynowe Mistrzostwa Polski Juniorow - II liga"]
[Site "Sypniewo k. Jastowia"]
[Date "2024-06-17"]
[Round "3.70"]
[White "Toczylowski, Mateusz"]
[Black "Baranowski, Jan"]
[Result "0-1"]
[WhiteTitle "II"]
[BlackTitle "II"]
[WhiteElo "1458"]
[BlackElo "1577"]

1. e4 c6 2. Nc3 d5 3. d4 dxe4 4. Nxe4 Nf6 5. Ng3 h5 6. h4 c5 7. Nf3 Bg4 8. Bb5+
Nc6 9. O-O cxd4 10. Qxd4 Bxf3 11. Qxd8+ Rxd8 12. gxf3 e6 13. Bg5 Be7 14. Ne4 Nxe4
15. Bxe7 Kxe7 16. fxe4 Nd4 17. Bd3 Nf3+ 18. Kg2 Nxh4+ 19. Kg3 Ng6 20. f4 e5 21.
fxe5 Nxe5 22. Rad1 Rd6 23. Kf4 f6 24. Be2 g5+ 25. Ke3 Rxd1 26. Rxd1 h4 27. Rh1
Rc8 28. c3 b6 29. Ba6 Rc7 30. b4 Rxc3+ 0-1

[Event "Druzynowe Mistrzostwa Polski Juniorow - II liga"]
[Site "Sypniewo k. Jastowia"]
[Date "2024-06-17"]
[Round "3.71"]
[White "Zalewska, Malgorzata"]
[Black "Obukhava, Anastasiya"]
[Result "0-1"]
[WhiteTitle "I+"]
[BlackTitle "I++"]
[WhiteElo "1722"]
[BlackElo "1814"]

1. e4 c5 2. Nf3 d6 3. d4 cxd4 4. Nxd4 Nf6 5. Nc3 a6 6. Qe2 Nbd7 7. Be3 e6 8. g4
b5 9. g5 b4 10. gxf6 bxc3 11. fxg7 Bxg7 12. b3 Bb7 13. Rg1 Bf6 14. Qh5 Qe7 15.
Bc4 Nf8 16. Bg5 Bxe4 17. Bxf6 Qxf6 18. O-O-O d5 19. Bd3 Qe7 20. Rde1 Bxd3 21.
cxd3 Qa3+ 22. Kd1 Qxa2 23. Qh6 c2+ 24. Nxc2 Qxb3 25. Rg3 Rc8 26. Qc1 Ng6 27. Re2
Rc3 28. Ke1 Kd7 29. d4 Nf4 30. Ree3 Rxc2 0-1

[Event "Druzynowe Mistrzostwa Polski Juniorow - II liga"]
[Site "Sypniewo k. Jastowia"]
[Date "2024-06-17"]
[Round "3.72"]
[White "Galinska, Pola"]
[Black "Stolarz, Anna"]
[Result "1/2-1/2"]
[WhiteTitle "II+"]
[BlackTitle "II"]
[WhiteElo "1568"]
[BlackElo "1528"]

1. e4 c5 2. Nf3 e6 3. d4 cxd4 4. Nxd4 Nc6 5. Nc3 Qc7 6. g3 a6 7. a4 Nf6 8. Bg2
Be7 9. O-O h5 10. Nb3 b6 11. Qe2 h4 12. Be3 hxg3 13. hxg3 Rb8 14. Nc1 Ne5 15.
Bf4 d6 16. Bxe5 dxe5 17. Nd3 Bb7 18. Bf3 Nd7 19. Kg2 Bf6 20. Rh1 Ke7 21. Bg4 Qc4
22. Qe3 Qd4 23. Qe2 Nc5 24. Nxc5 Qxc5 25. Rxh8 Rxh8 26. Rd1 Rd8 27. Rxd8 Kxd8
28. Qd3+ Qd4 29. Be2 Qxd3 30. Bxd3 Bg5 31. Ne2 a5 32. Kh3 Ke7 33. f4 exf4 34.
gxf4 Bh6 35. Kg4 Bc8 36. Ng1 e5+ 37. f5 g6 38. Ne2 gxf5+ 39. exf5 Kf6 40. Nc3
Bb7 41. Kg3 Bd2 42. Ne2 e4 43. Bc4 Kxf5 44. Bxf7 Be1+ 45. Kh3 e3 46. Bc4 Be4 47.
c3 Bf3 48. Nd4+ Ke4 49. Kh2 Bd1 50. Bb5 Bf2 51. Ne2 Bxe2 52. Bxe2 Be1 53. Kg2
Bd2 54. Kf1 Kd5 55. Bd3 Bc1 56. Ke2 Bxb2 57. Kxe3 Bxc3 58. Bb5 Bd4+ 59. Kd3 Bc5
1/2-1/2

[Event "Druzynowe Mistrzostwa Polski Juniorow - II liga"]
[Site "Sypniewo k. Jastowia"]
[Date "2024-06-17"]
[Round "3.73"]
[White "Panasiuk, Piotr"]
[Black "Zmarzly, Wiktor"]
[Result "0-1"]
[WhiteTitle "II"]
[BlackTitle "I+"]
[WhiteElo "1517"]
[BlackElo "1891"]

1. d4 d5 2. c4 dxc4 3. e3 e5 4. Bxc4 Nc6 5. Ne2 Qg5 6. Ng3 exd4 7. exd4 Bb4+ 8.
Nc3 Qe7+ 9. Be2 h5 10. O-O Bxc3 11. bxc3 h4 12. Re1 hxg3 13. Bb5 gxf2+ 14. Kxf2
Be6 15. Bf4 Qf6 16. Qf3 Nge7 17. d5 Nxd5 18. Qxd5 Qxf4+ 19. Qf3 Qxf3+ 20. Kxf3
O-O-O 0-1

[Event "Druzynowe Mistrzostwa Polski Juniorow - II liga"]
[Site "Sypniewo k. Jastowia"]
[Date "2024-06-17"]
[Round "3.74"]
[White "Jania, Kamil"]
[Black "Tanski, Wojciech"]
[Result "1-0"]
[WhiteTitle "II"]
[BlackTitle "III"]
[WhiteElo "1446"]
[BlackElo "1441"]

1. e4 c5 2. Nf3 d6 3. Bb5+ Bd7 4. Bxd7+ Nxd7 5. O-O Ngf6 6. Qe2 g6 7. c3 Bg7 8.
d4 cxd4 9. cxd4 e6 10. Rd1 Qc7 11. Nc3 O-O 12. Bg5 a6 13. Rac1 Rac8 14. Nd5 Qxc1
15. Nxf6+ Nxf6 16. Rxc1 Rxc1+ 17. Bxc1 Rc8 18. Qe1 Nxe4 19. Bd2 d5 20. Bc3 Nd6
21. h3 Nb5 22. Qd2 Bf8 23. Ne5 f6 24. Nf3 Kf7 25. h4 Nd6 26. Qc2 Bh6 27. Qa4 Ke7
28. Bb4 Bf4 29. Bxd6+ Bxd6 30. Qd1 Rc6 31. Nd2 Rb6 32. b3 Rb4 33. Nb1 Rb6 34.
Nc3 Rc6 35. Na4 Bf4 36. Nc5 b6 37. Nd3 Bd6 38. g3 Kf7 39. Qd2 Bf8 40. Nb4 Rc8
41. Nxa6 Ra8 42. Nc7 Ra5 43. a4 Ra7 44. Nb5 Ra8 45. Qc1 Re8 46. Qc7+ Re7 47. Qxb6
Bh6 48. a5 e5 49. a6 e4 50. a7 e3 51. fxe3 Bxe3+ 52. Kg2 Bc1 53. Qc7 Rxc7 54.
Nxc7 Be3 55. a8=Q Bxd4 56. Qxd5+ Kg7 57. Qxd4 h5 58. Qd7+ Kh6 59. Ne8 g5 60. Qg7#
1-0

[Event "Druzynowe Mistrzostwa Polski Juniorow - II liga"]
[Site "Sypniewo k. Jastowia"]
[Date "2024-06-17"]
[Round "3.75"]
[White "Kopacki, Aleksander"]
[Black "Reterski, Wiktor"]
[Result "1-0"]
[WhiteTitle "I"]
[BlackTitle "II+"]
[WhiteElo "1782"]
[BlackElo "1666"]

1. c4 c5 2. Nf3 g6 3. e4 Bg7 4. d4 cxd4 5. Nxd4 d6 6. Be3 Nf6 7. Nc3 O-O 8. Be2
Nc6 9. Qd2 Bd7 10. f3 a6 11. Rc1 Rc8 12. b3 Qa5 13. O-O Rfd8 14. Rfd1 Be8 15.
Bf1 Nxd4 16. Bxd4 b5 17. Bxf6 exf6 18. Rc2 Bc6 19. Nd5 Qxd2 20. Rcxd2 Bxd5 21.
Rxd5 bxc4 22. Bxc4 Rc6 23. Ra5 Bf8 24. a4 Rb8 25. Bd5 Rcb6 26. Kf2 f5 27. Rc1
fxe4 28. fxe4 Bg7 29. Rc7 Bd4+ 30. Ke2 Rf8 31. Bc4 Bc5 32. Rxa6 Rxa6 33. Bxa6
Re8 34. Kd3 f5 35. exf5 Re3+ 36. Kc4 gxf5 37. Bb7 Re2 38. Kb5 Bg1 39. Bd5+ Kh8
40. h3 Bh2 41. Rf7 f4 42. a5 Rc2 43. Bc4 Rxg2 44. Rf8+ 1-0

[Event "Druzynowe Mistrzostwa Polski Juniorow - II liga"]
[Site "Sypniewo k. Jastowia"]
[Date "2024-06-17"]
[Round "3.76"]
[White "Wasilewski, Mateusz"]
[Black "Tanski, Jakub"]
[Result "1-0"]
[WhiteTitle "II"]
[BlackTitle "III"]
[WhiteElo "1615"]
[BlackElo "1416"]

1. d4 d5 2. c4 c6 3. e3 Nf6 4. Nc3 a6 5. Nf3 b5 6. b3 Bf5 7. Bd3 Bg6 8. O-O e6
9. Re1 Bb4 10. Bb2 Nbd7 11. a3 Bxc3 12. Bxc3 Bxd3 13. Qxd3 O-O 14. Nd2 Qc7 15.
e4 dxe4 16. Nxe4 Nxe4 17. Qxe4 Nf6 18. Qe5 Qxe5 19. dxe5 Nh5 20. Rad1 Rfd8 21.
g3 g6 22. Ba5 Rxd1 23. Rxd1 bxc4 24. bxc4 Rc8 25. Rd7 Ng7 26. g4 h5 27. h3 hxg4
28. hxg4 c5 29. Rd8+ Rxd8 30. Bxd8 Kf8 31. f4 Ke8 32. Bb6 Kd7 33. Bxc5 Kc6 34.
Bb4 Ne8 35. Kf2 Nc7 36. Ke3 Kb6 37. Kd4 a5 38. Be7 Kc6 39. Bd8 Na6 40. Bxa5 Nc5
41. Bb4 Nd7 42. a4 Nb8 43. a5 Na6 44. Ba3 Nc7 45. Ke4 Kb7 46. f5 exf5+ 47. gxf5
gxf5+ 48. Kxf5 Ka6 49. Bb4 Ne8 50. e6 fxe6+ 51. Kxe6 Ng7+ 52. Kd6 Nf5+ 53. Kd7
Ne3 54. c5 Nd5 55. c6 Kb5 56. a6 Kxa6 57. Kd6 Ka7 58. Kxd5 Kb8 59. Kd6 Kc8 60.
c7 Kb7 61. Kd7 Ka7 62. c8=Q Kb6 63. Qc5+ Kb7 64. Qc6+ Ka7 65. Qb5 Ka8 66. Kc7
Ka7 67. Qb7# 1-0

[Event "Druzynowe Mistrzostwa Polski Juniorow - II liga"]
[Site "Sypniewo k. Jastowia"]
[Date "2024-06-17"]
[Round "3.77"]
[White "Woytitzki, Maja"]
[Black "Gorecka, Laura"]
[Result "1-0"]
[WhiteTitle "I"]
[BlackTitle "I"]
[WhiteElo "1544"]
[BlackElo "1529"]

1. d4 Nf6 2. c4 e6 3. Nf3 d5 4. g3 c5 5. Bg2 Be7 6. O-O O-O 7. Nbd2 Nc6 8. Nb3
dxc4 9. Nxc5 Nxd4 10. Nxb7 Nxe2+ 11. Qxe2 Bxb7 12. Qxc4 Rc8 13. Qe2 Be4 14. Rd1
Qb6 15. Be3 Qb7 16. Nh4 Rc2 17. Qxc2 Bxc2 18. Bxb7 Bxd1 19. Rxd1 Rb8 20. Bg2 Rxb2
21. a4 h6 22. Bxa7 Ra2 23. Bc6 Ng4 24. Nf3 Rc2 25. Bb5 Ra2 26. Bb6 Bb4 27. Rb1
Bc3 28. Rc1 Bb4 29. Rc4 Bd6 30. Rxg4 e5 31. Rd4 Kh7 32. a5 f5 33. a6 e4 34. Ra4
Rb2 35. Bf1 Bb8 36. Bd4 Rb1 37. Nd2 Rd1 38. a7 Bxa7 39. Rxa7 Rxd2 40. Rxg7+ Kh8
41. Rd7+ Kg8 42. Bc4+ Kf8 43. Bc5+ Ke8 44. Rxd2 h5 45. h4 f4 46. gxf4 e3 47. Bxe3
Ke7 48. Kg2 Kf6 49. Rd5 Ke7 50. Rxh5 Kd6 51. Kf3 Ke7 52. Ke4 Kd6 53. Rh6+ Kc7
54. Kd5 Kd7 1-0

[Event "Druzynowe Mistrzostwa Polski Juniorow - II liga"]
[Site "Sypniewo k. Jastowia"]
[Date "2024-06-17"]
[Round "3.78"]
[White "Sieczkowska, Hanna"]
[Black "Woytitzki, Sophie"]
[Result "0-1"]
[WhiteTitle "II+"]
[BlackTitle "I"]
[WhiteElo "1412"]
[BlackElo "1583"]

1. c4 Nf6 2. e3 e6 3. Nf3 Nc6 4. b3 d5 5. Bb2 Bd6 6. Be2 dxc4 7. Bxc4 e5 8. O-O
Bg4 9. Be2 Bxf3 10. Bxf3 e4 11. Be2 h5 12. Nc3 Bxh2+ 13. Kxh2 Ng4+ 14. Kg3 Qd6+
15. f4 exf3+ 16. Kxf3 Nce5+ 17. Ke4 Nf6+ 18. Kf5 O-O-O 19. d4 Ned7 20. Qc2 g6+
21. Kg5 Qg3+ 22. Bg4 Qxg4# 0-1

[Event "Druzynowe Mistrzostwa Polski Juniorow - II liga"]
[Site "Sypniewo k. Jastowia"]
[Date "2024-06-17"]
[Round "3.79"]
[White "Jablonski, Piotr"]
[Black "Mosny, Kamil"]
[Result "0-1"]
[WhiteTitle "II"]
[BlackTitle "I"]
[WhiteElo "1570"]
[BlackElo "1943"]

1. e4 c5 2. Nf3 d6 3. d4 cxd4 4. Nxd4 Nf6 5. Nc3 a6 6. Bg5 Nbd7 7. Qd2 h6 8. Bh4
e6 9. Bg3 Nh5 10. O-O-O b5 11. f4 Nxg3 12. hxg3 Bb7 13. Bd3 Nc5 14. b4 Nxd3+ 15.
Qxd3 Rc8 16. f5 e5 17. Nde2 Rc4 18. a3 Qa8 19. Rh4 Be7 20. Rg4 Kf8 21. Rh1 h5
22. Qf3 Rh6 23. Rxg7 Kxg7 24. Rxh5 Rxh5 25. Qxh5 Bf6 26. g4 Qh8 0-1

[Event "Druzynowe Mistrzostwa Polski Juniorow - II liga"]
[Site "Sypniewo k. Jastowia"]
[Date "2024-06-17"]
[Round "3.81"]
[White "Wilman, Maciej"]
[Black "Czech, Emil"]
[Result "0-1"]
[WhiteTitle "II"]
[BlackTitle "II+"]
[WhiteElo "1503"]
[BlackElo "1680"]

1. d4 Nf6 2. Bf4 c5 3. e3 Nd5 4. Bg3 Qb6 5. Qc1 cxd4 6. exd4 Qxd4 7. Nf3 Qc5 8.
Be2 d6 9. O-O Bf5 10. c3 g6 11. Nbd2 Bg7 12. Nb3 Qc8 13. Qd2 Nf6 14. Nfd4 Bd7
15. Bf3 O-O 16. Rac1 Nc6 17. Rfe1 Re8 18. h3 a5 19. Nb5 Ne5 20. Be2 Ne4 21. Qe3
Nxg3 22. Qxg3 Nc4 23. Bxc4 Qxc4 24. N3d4 Bxb5 25. b3 Qc5 26. a4 Bd7 27. Nf3 Rac8
28. c4 Bc6 29. Nh2 Be5 30. Qd3 Bxh2+ 31. Kxh2 Qxf2 32. Re2 Qf4+ 33. Qg3 Qxc1 34.
Re1 Qd2 35. h4 Bxg2 36. Qxg2 Qxe1 37. h5 Qe5+ 38. Kg1 Qxh5 39. c5 Rxc5 40. b4
Rc1+ 41. Kf2 Rc2+ 42. Kg1 Rxg2+ 43. Kxg2 Rc8 44. b5 Rc3 45. b6 Qe2+ 46. Kg1 Rc1#
0-1

[Event "Druzynowe Mistrzostwa Polski Juniorow - II liga"]
[Site "Sypniewo k. Jastowia"]
[Date "2024-06-17"]
[Round "3.83"]
[White "Pietrzak, Emilia"]
[Black "Zylak, Emilia"]
[Result "1-0"]
[WhiteTitle "I++"]
[BlackTitle "II"]
[WhiteElo "1760"]
[BlackElo "1452"]

1. e4 e5 2. Nf3 Nc6 3. Bc4 Bc5 4. c3 d6 5. Bb3 h6 6. d3 Nf6 7. h3 O-O 8. Nbd2 a6
9. Nf1 b5 10. g4 Re8 11. g5 hxg5 12. Bxg5 Nb8 13. Ng3 Be6 14. Nh5 Bxb3 15. Qxb3
Nbd7 16. Rg1 g6 17. Bxf6 Nxf6 18. Rxg6+ Kf8 19. Rxf6 Qd7 20. Ng5 Re7 21. Rh6 Kg8
22. Nf6+ Kg7 23. Nxd7 Kxh6 24. Nxc5 Kxg5 25. Qd1 dxc5 26. Qg4+ Kf6 27. Qf5+ Kg7
28. Qg5+ Kf8 29. Qf6 Ree8 30. O-O-O Red8 31. Rg1 1-0